000 00657cam a22002293a 4500
001 29800
003 PGUSA
005 20140828083638.0
008 090826s2009||||xxu|||||s|||||000 | eng d
040 _aPGUSA
_beng
042 _adc
050 4 _aQA
100 1 _aGodefroy, Maurice,
_d1872-
245 1 0 _aLa Fonction Gamma :
_bThéorie, Histoire, Bibliographie
_h[electronic resource] /
_cMaurice Godefroy
260 _bProject Gutenberg,
_c2009
506 _aPublic domain in the USA.
516 _aElectronic text
653 _aGamma functions
830 0 _aProject Gutenberg
_v29800
856 4 0 _uhttp://www.gutenberg.org/ebooks/29800
942 _cEB
999 _c259055
_d259055